书目信息 |
| 题名: |
组织行为学
|
|
| 作者: | 张德 主编 | |
| 分册: | ||
| 出版信息: | 北京 高等教育出版社 1999.7 |
|
| 页数: | 259页 | |
| 开本: | 22cm | |
| 丛书名: | 面向21世纪课程教材 | |
| 单 册: | ||
| 中图分类: | C936 | |
| 科图分类: | ||
| 主题词: | 管理行为学--教材 | |
| 电子资源: | ||
| ISBN: | 7-04-007080-4 | |
| 000 | 00564nam0 2200205 45 | |
| 001 | 0009200943 | |
| 005 | 20070720085044.34 | |
| 010 | @a7-04-007080-4@dCNY15.00 | |
| 100 | @a20000920d1999 km y0chiy0120 ea | |
| 101 | 0 | @achi |
| 200 | 1 | @a组织行为学@AZu Zhi Xing Wei Xue@f张德主编@FZhang De Zhu Bian |
| 210 | @a北京@c高等教育出版社@d1999.7 | |
| 215 | @a259页@d22cm | |
| 225 | @a面向21世纪课程教材 | |
| 410 | @12001 @a面向21世纪课程教材 | |
| 606 | 0 | @a管理行为学@x教材 |
| 690 | @aC936@v1 | |
| 701 | 0 | @a张德@4主编 |
| 801 | @aCN@bTSTC@c20070720 | |
| 905 | @dC936@e108 | |
| 组织行为学/张德主编.-北京:高等教育出版社,1999.7 |
| 259页;22cm.-(面向21世纪课程教材) |
| ISBN 7-04-007080-4:CNY15.00 |
| ● |
| 相关链接 |
|
|
|
|
正题名:组织行为学
索取号:C936/108
 
预约/预借
| 序号 | 登录号 | 条形码 | 馆藏地/架位号 | 状态 | 备注 |
| 1 | 0501906 | 205019068 | 密集书库/ [索取号:C936/108] | 在馆 | |
| 2 | 0678571 | 206785718 | 库房3/ [索取号:C936/108] | 在馆 | |
| 3 | 0678572 | 206785727 | 库房3/ [索取号:C936/108] | 在馆 | |
| 4 | 0678573 | 206785736 | 库房3/ [索取号:C936/108] | 在馆 | |
| 5 | 0678574 | 206785745 | 库房3/ [索取号:C936/108] | 在馆 | |
| 6 | 0678575 | 206785754 | 库房3/ [索取号:C936/108] | 在馆 | |
| 7 | 0678576 | 206785763 | 库房3/ [索取号:C936/108] | 在馆 | |
| 8 | 0678577 | 206785772 | 库房3/ [索取号:C936/108] | 在馆 | |
| 9 | 0678578 | 206785781 | 库房3/ [索取号:C936/108] | 在馆 | |
| 10 | 0678579 | 206785790 | 库房3/ [索取号:C936/108] | 在馆 | |
| 11 | 0678580 | 206785807 | 库房3/ [索取号:C936/108] | 在馆 | |
| 12 | 0678581 | 206785816 | 库房3/ [索取号:C936/108] | 在馆 | |
| 13 | 0678582 | 206785825 | 库房3/ [索取号:C936/108] | 在馆 | |
| 14 | 0678583 | 206785834 | 库房3/ [索取号:C936/108] | 在馆 | |
| 15 | 0678584 | 206785843 | 库房3/ [索取号:C936/108] | 在馆 | |
| 16 | 0678585 | 206785852 | 库房3/ [索取号:C936/108] | 在馆 | |
| 17 | 0678586 | 206785861 | 库房3/ [索取号:C936/108] | 在馆 | |
| 18 | 0678587 | 206785870 | 库房3/ [索取号:C936/108] | 在馆 | |
| 19 | 0678588 | 206785889 | 库房3/ [索取号:C936/108] | 在馆 | |
| 20 | 0678589 | 206785898 | 库房3/ [索取号:C936/108] | 在馆 | |
| 21 | 0678590 | 206785905 | 库房3/ [索取号:C936/108] | 在馆 | |
| 22 | 0678591 | 206785914 | 库房3/ [索取号:C936/108] | 在馆 | |
| 23 | 0678592 | 206785923 | 库房3/ [索取号:C936/108] | 在馆 | |
| 24 | 0678593 | 206785932 | 库房3/ [索取号:C936/108] | 在馆 | |
| 25 | 0678594 | 206785941 | 库房3/ [索取号:C936/108] | 在馆 | |
| 26 | 0678595 | 206785950 | 库房3/ [索取号:C936/108] | 在馆 | |
| 27 | 0678596 | 206785969 | 库房3/ [索取号:C936/108] | 在馆 | |
| 28 | 0678597 | 206785978 | 库房3/ [索取号:C936/108] | 在馆 | |
| 29 | 0678598 | 206785987 | 库房3/ [索取号:C936/108] | 在馆 | |
| 30 | 0678599 | 206785996 | 库房3/ [索取号:C936/108] | 在馆 | |
| 31 | 0678600 | 206786003 | 库房3/ [索取号:C936/108] | 在馆 | |
| 32 | 0678601 | 206786012 | 库房3/ [索取号:C936/108] | 在馆 | |
| 33 | 0770203 | 207702039 | 密集书库/ [索取号:C936/108] | 在馆 |